| 000 | 01499cam a2200229Ia 4500 | ||
|---|---|---|---|
| 020 | _a9789251061343 | ||
| 020 | _a9251061343 | ||
| 040 | _cBTCTA | ||
| 082 | _a636 RUR 2009 A036 Or. | ||
| 100 | 1 | _aHenriksen, J©ırgen | |
| 245 | 1 | 0 | _aMilk for health and wealth / |
| 260 |
_aRome : _bRural Infrastructure and Agro-Industries Division, Food and Agriculture Organization of the United Nations, _c2009 |
||
| 300 |
_avii, 58 p. : _bill. ; _c21 cm |
||
| 490 | 1 | _aFAO diversification booklet, | |
| 520 | _aSmallholder dairying offers high returns to land and labor, a source of regular income, gives women an opportunity to become economically active, encourages cooperation between smallholders and transfers capital from urban centers to rural areas through the trade of milk: a low risk and low cost activity that has the potential to reduce poverty and improve livelihoods. The target audience for the FAO Diversification booklets are people and organizations that provide advisory, business and technical support to small-scale farmers and local communities in low and middle-income countries, as well as policy makers and program managers. Each booklet identifies additional sources of information, technical support and websites.--Publisher's description | ||
| 650 | 0 | _aDairying | |
| 650 | 0 | _aDairy farming | |
| 650 | 0 | _aDairy products | |
| 710 | 2 | _aFood and Agriculture Organization of the United Nations | |
| 856 | 1 | 1 | _uftp://ftp.fao.org/docrep/fao/011/i0521e/i0521e00.pdf |
| 942 | _cEK | ||
| 999 |
_c11349 _d11349 |
||